000
00284nam a22001337a 4500
008
170204b xxu||||| |||| 00| 0 eng d
020
_a
9781888799149
041
_a
eng
080
_a
61
100
_a
3
101
_a
SHM
245
_a
MULTIPLE SCLEROSIS
_c
KALB, R.C
942
_2
udc
_c
BK
999
_c
4678
_d
4678